| 000 | 00439nam a22001457a 4500 | ||
|---|---|---|---|
| 008 | 250623b |||||||| |||| 00| 0 eng d | ||
| 020 | _a8121927471 | ||
| 050 |
_aLB3430 _b.V57 |
||
| 100 | _aVishala Mary | ||
| 245 |
_aGuidance and counseling _bFor teachers, parents and students |
||
| 260 |
_aNew Delhi _bS. Chand & company _c2012 |
||
| 300 |
_axvi, 215p. _bill. |
||
| 650 |
_aEducational and counseling _vHome and school |
||
| 942 | _cBK | ||
| 999 |
_c3932 _d3932 |
||